<?xml version="1.0" encoding="UTF-8"?>
<collection xmlns="http://www.loc.gov/MARC21/slim">
<record>
  <controlfield tag="001">145089</controlfield>
  <controlfield tag="005">20260217205557.0</controlfield>
  <datafield tag="024" ind1="7" ind2=" ">
    <subfield code="2">doi</subfield>
    <subfield code="a">10.1021/acsomega.4c06475</subfield>
  </datafield>
  <datafield tag="024" ind1="8" ind2=" ">
    <subfield code="2">sideral</subfield>
    <subfield code="a">139925</subfield>
  </datafield>
  <datafield tag="037" ind1=" " ind2=" ">
    <subfield code="a">ART-2024-139925</subfield>
  </datafield>
  <datafield tag="041" ind1=" " ind2=" ">
    <subfield code="a">eng</subfield>
  </datafield>
  <datafield tag="100" ind1=" " ind2=" ">
    <subfield code="a">Bastante, Pablo</subfield>
  </datafield>
  <datafield tag="245" ind1=" " ind2=" ">
    <subfield code="a">The conductance and thermopower behavior of pendent trans-coordinated Palladium(II) complexes in cingle-molecule junctions</subfield>
  </datafield>
  <datafield tag="260" ind1=" " ind2=" ">
    <subfield code="c">2024</subfield>
  </datafield>
  <datafield tag="506" ind1="0" ind2=" ">
    <subfield code="a">Access copy available to the general public</subfield>
    <subfield code="f">Unrestricted</subfield>
  </datafield>
  <datafield tag="520" ind1="3" ind2=" ">
    <subfield code="a">The present work provides insight into the effect of connectivity within isomeric 1,2-bis(2-pyridylethynyl)benzene (bpb) palladium complexes on their electron transmission properties within gold|single-molecule|gold junctions. The ligands 2,2′-((4,5-bis(hexyloxy)-1,2-phenylene)bis(ethyne-2,1-diyl))bis(4-(methylthio)pyridine) (Lm) and 6,6′-((4,5-bis(hexyloxy)-1,2-phenylene)bis(ethyne-2,1-diyl))bis(3-(methylthio)pyridine) (Lp) were synthesized and coordinated with PdCl2 to give the trans-Pd(Lm or p)Cl2 complexes. X-ray photoelectron spectroscopy (XPS) measurements shed light on the contacting modes of the molecules in the junctions. A combination of scanning tunneling microscopy–break junction (STM–BJ) measurements and density functional theory (DFT) calculations demonstrate that the typical lower conductance of meta- compared with para-connected isomers in a molecular junction was suppressed upon metal coordination. Simultaneously there was a modest increase in both conductance and Seebeck coefficient due to the contraction of the HOMO–LUMO gap upon metal coordination. It is shown that the low Seebeck coefficient is primarily a consequence of how the resonances shift relative to the Fermi energy</subfield>
  </datafield>
  <datafield tag="536" ind1=" " ind2=" ">
    <subfield code="9">info:eu-repo/grantAgreement/ES/DGA/E31-23R</subfield>
    <subfield code="9">info:eu-repo/grantAgreement/EC/H2020/767187/EU/Quantum Interference Enhanced Thermoelectricity/QuIET</subfield>
    <subfield code="9">This project has received funding from the European Union’s Horizon 2020 research and innovation program under grant agreement No H2020 767187-QuIET</subfield>
    <subfield code="9">info:eu-repo/grantAgreement/ES/MDM/CEX2018-000805-M</subfield>
    <subfield code="9">info:eu-repo/grantAgreement/ES/MICINN/PID2020-114882GB-I00</subfield>
    <subfield code="9">info:eu-repo/grantAgreement/ES/MICINN/PID2022-141433OB-I00</subfield>
    <subfield code="9">info:eu-repo/grantAgreement/ES/MICINN/PRE2019-091388</subfield>
    <subfield code="9">info:eu-repo/grantAgreement/EUR/MICINN/TED2021-131318B-I00</subfield>
  </datafield>
  <datafield tag="540" ind1=" " ind2=" ">
    <subfield code="9">info:eu-repo/semantics/openAccess</subfield>
    <subfield code="a">by</subfield>
    <subfield code="u">https://creativecommons.org/licenses/by/4.0/deed.es</subfield>
  </datafield>
  <datafield tag="590" ind1=" " ind2=" ">
    <subfield code="a">4.3</subfield>
    <subfield code="b">2024</subfield>
  </datafield>
  <datafield tag="591" ind1=" " ind2=" ">
    <subfield code="a">CHEMISTRY, MULTIDISCIPLINARY</subfield>
    <subfield code="b">81 / 239 = 0.339</subfield>
    <subfield code="c">2024</subfield>
    <subfield code="d">Q2</subfield>
    <subfield code="e">T2</subfield>
  </datafield>
  <datafield tag="592" ind1=" " ind2=" ">
    <subfield code="a">0.773</subfield>
    <subfield code="b">2024</subfield>
  </datafield>
  <datafield tag="593" ind1=" " ind2=" ">
    <subfield code="a">Chemical Engineering (miscellaneous)</subfield>
    <subfield code="c">2024</subfield>
    <subfield code="d">Q1</subfield>
  </datafield>
  <datafield tag="593" ind1=" " ind2=" ">
    <subfield code="a">Chemistry (miscellaneous)</subfield>
    <subfield code="c">2024</subfield>
    <subfield code="d">Q2</subfield>
  </datafield>
  <datafield tag="594" ind1=" " ind2=" ">
    <subfield code="a">7.1</subfield>
    <subfield code="b">2024</subfield>
  </datafield>
  <datafield tag="655" ind1=" " ind2="4">
    <subfield code="a">info:eu-repo/semantics/article</subfield>
    <subfield code="v">info:eu-repo/semantics/publishedVersion</subfield>
  </datafield>
  <datafield tag="700" ind1=" " ind2=" ">
    <subfield code="a">Davidson, Ross J.</subfield>
  </datafield>
  <datafield tag="700" ind1=" " ind2=" ">
    <subfield code="a">Al Malki, Wafa</subfield>
  </datafield>
  <datafield tag="700" ind1=" " ind2=" ">
    <subfield code="a">Salthouse, Rebecca J.</subfield>
  </datafield>
  <datafield tag="700" ind1=" " ind2=" ">
    <subfield code="a">Cea, Pilar</subfield>
    <subfield code="u">Universidad de Zaragoza</subfield>
    <subfield code="0">(orcid)0000-0002-4729-9578</subfield>
  </datafield>
  <datafield tag="700" ind1=" " ind2=" ">
    <subfield code="a">Martin, Santiago</subfield>
    <subfield code="u">Universidad de Zaragoza</subfield>
    <subfield code="0">(orcid)0000-0001-9193-3874</subfield>
  </datafield>
  <datafield tag="700" ind1=" " ind2=" ">
    <subfield code="a">Batsanov, Andrei S.</subfield>
  </datafield>
  <datafield tag="700" ind1=" " ind2=" ">
    <subfield code="a">Lambert, Colin J.</subfield>
  </datafield>
  <datafield tag="700" ind1=" " ind2=" ">
    <subfield code="a">Bryce, Martin R.</subfield>
  </datafield>
  <datafield tag="700" ind1=" " ind2=" ">
    <subfield code="a">Agrait, Nicolas</subfield>
  </datafield>
  <datafield tag="710" ind1="2" ind2=" ">
    <subfield code="1">2012</subfield>
    <subfield code="2">755</subfield>
    <subfield code="a">Universidad de Zaragoza</subfield>
    <subfield code="b">Dpto. Química Física</subfield>
    <subfield code="c">Área Química Física</subfield>
  </datafield>
  <datafield tag="773" ind1=" " ind2=" ">
    <subfield code="g">9, 36 (2024), 38303-38312</subfield>
    <subfield code="p">ACS Omega</subfield>
    <subfield code="t">ACS OMEGA</subfield>
    <subfield code="x">2470-1343</subfield>
  </datafield>
  <datafield tag="856" ind1="4" ind2=" ">
    <subfield code="s">4131308</subfield>
    <subfield code="u">http://zaguan.unizar.es/record/145089/files/texto_completo.pdf</subfield>
    <subfield code="y">Versión publicada</subfield>
  </datafield>
  <datafield tag="856" ind1="4" ind2=" ">
    <subfield code="s">3304085</subfield>
    <subfield code="u">http://zaguan.unizar.es/record/145089/files/texto_completo.jpg?subformat=icon</subfield>
    <subfield code="x">icon</subfield>
    <subfield code="y">Versión publicada</subfield>
  </datafield>
  <datafield tag="909" ind1="C" ind2="O">
    <subfield code="o">oai:zaguan.unizar.es:145089</subfield>
    <subfield code="p">articulos</subfield>
    <subfield code="p">driver</subfield>
  </datafield>
  <datafield tag="951" ind1=" " ind2=" ">
    <subfield code="a">2026-02-17-20:42:54</subfield>
  </datafield>
  <datafield tag="980" ind1=" " ind2=" ">
    <subfield code="a">ARTICLE</subfield>
  </datafield>
</record>
</collection>